000
00291nam a2200121Ia 4500
008
190216s9999||||xx |||||||||||||| ||und||
100
_a
Koyakutty Moulavi
245
0
_a
Razool Kareem
260
_b
Islamic Publishing House
_c
1987
300
_a
314p
650
_a
Islamic History
942
_c
BK
999
_c
21979
_d
21979